| 000 | 00721nam a22002417a 4500 | ||
|---|---|---|---|
| 003 | OSt | ||
| 005 | 20160823182156.0 | ||
| 008 | 160823b xxu||||| |||| 00| 0 eng d | ||
| 020 | _a81-317-0072-0 | ||
| 040 | _cLIC | ||
| 082 |
_22007 _aDC 428.2496 _bT39o |
||
| 100 |
_913554 _aThorpe, Edgar |
||
| 245 |
_aObjective English/ _cEdgar Thorpe and Showick Thorpe. |
||
| 250 | _aSecond Edition | ||
| 260 |
_aIndia: _bDorling Kindersley Pvt. Ltd., _cc2007. |
||
| 300 |
_axii, 628 pages; _c24 cm. |
||
| 365 |
_b2,576.00 _cPhp |
||
| 650 | 0 |
_913558 _aEnglish language |
|
| 650 | 0 |
_913560 _aVocabulary and English usage |
|
| 650 | 0 |
_913562 _aVerbal and reading comprehension |
|
| 700 |
_913559 _aThorpe, Showick |
||
| 942 |
_2ddc _cDC |
||
| 999 |
_c4072 _d4072 |
||